000 00891nam a22003017a 4500
001 BR7375143
003 BR-BrBNA
005 20230928084408.0
007 ta
008 230509b bl.||||| |||| 00| 0 por d
040 _aBR-BrBNA
_bpor
_cBiblioteca Nacional de Agricultura
041 _a(Por)
072 _aE10; C00
_b/G514
_b/G404
_b/G530
090 _ E10 BR7375143
100 1 _aPellegrini, V.J.
100 1 _aWitt, L.W.
110 1 _aEscritorio Tecnico de Agricultura, Rio de Janeiro, GB (Brasil)
_94428
245 1 _aEconomia rural, ensino pos-graduado, mercado de trabalho, Brasil, Mexico, Peru
260 3 _aRio de Janeiro, GB (Brasil):
_c1969.
300 _a143 p.
500 _a64 tables; Summary (Por)
650 _aECONOMIA AGRICOLA
650 _aMERCADO DE TRABALHO
650 _aMEXICO
650 _aPERU
909 _a202309
_bLucia
_c55
_dLucia Elande
942 _cBK
999 _c18660
_d18660